Quiz o województwie świętokrzyskim - Statystyki

Ogólne statystyki
  • Ten quiz został rozwiązany 1 733 razy
  • Średni wynik to 7 z 16
Statystyki odpowiedzi
Pytanie Odpowiedź Ciekawostka % Poprawnych
Stolica: Kielce Kielce są dopiero osiemnastym największym miastem w Polsce, co czyni je 5 najmniejszym miastem wojewódzkim.
99%
Jaka jest pierwsza litera rejestracji w świętokrzyskiem? T Tylko Kielce mają dwuliterowy początek rejestracji.
83%
Jest polskim piosenkarzem, znanym także jako Piasek. Andrzej Piaseczny Andrzej Piaseczny studiował w Kielcach, żeby zarobić na utrzymanie, pracował na szwedzkiej farmie.
69%
Podaj miasto wojewódzkie mniejsze od Kielc: Olsztyn | Zielona Góra | Opole | Gorzów Wielkopolski Opole jest dopiero 27 z kolei największym miastem w Polsce.
64%
Jakie jest drugie największe miasto województwa? Ostrowiec Świętokrzyski Kielce są jedynym miastem na prawach powiatu w świętokrzyskiem.
61%
Ile jest parków narodowych w województwie świętokrzyskim? 1 Świętokrzyski Park Narodowy obejmuje obszar Gór Świętokrzyskich - najniższych gór w Polsce.
54%
Polski szczypiornista znany z noszenia opaski na oko. Karol Bielecki Karol Bielecki urodził się w 1982 roku w Sandomierzu, był lewym rozgrywającym polskiej reprezentacji w piłce ręcznej.
52%
Na jakiej górze znajduje sie Święty Krzyż? Łysa Góra Święty Krzyż jest symbolem świętokrzyskiego, ponadto nazwa tego województwa wzięła się od tego zabytku.
49%
Podaj oznaczenie autostrady, która przebiega przez to województwo: - Świętokrzyskie jest jednym z 4 województw, przez które nie przebiega żadna autostrada.
45%
Największy dystrybutor prasy w Polsce: Kolporter Kolporter został założony w 2002 roku w Kielcach i do dzisiaj ma tam swoją siedzibę.
37%
Ile jest powiatów w województwie świętokrzyskim? 14 Tylko opolskie posiada mniej powiatów niż świętokrzyskie.
31%
Jaka rzeka wyznacza zachodnią granicę województwa? Pilica Prawie całe województwo (z wyjątkiem częsci Sandomierza) leży w lewym dorzeczu Wisły.
29%
Jedna z największych firm produkujących ceramikę i gresy w Polsce: Cersanit Cersanit został założony w 1992 roku w Krasnymstawie, lecz swoją siedzibę ma w Kielcach.
23%
Wojewoda: Józef Bryk Prowadzi własną działalność gospodarczą w branży transportowej.
15%
Podaj nazwę parku krajobrazowego w województwie świętokrzyskim: Suchedniowsko-Oblęgorski | Cisowsko-Orłowiński | Jeleniowski | Sieradowicki | Nadnidziański | Szaniecki | Kozubowski | Chęcińsko-Kielecki | Przedborski Chęcińsko-Kielecki Park Krajobrazowy jest najmłodszym tego typu obszarem w świętokrzyskiem.
15%
Marszałek: Renata Janik Przez długi czas był nauczycielem wychowania fizycznego.
14%
Nie znaleziono quizów pasujących do podanych kryteriów
Rozkład punktacji
Procent ludzi z każdym wynikiem
Percentyl według liczby udzielonych odpowiedzi
Twoja historia wyników
Nie rozwiązałeś tego quizu